[Event "Ceske Budejovice op"]
[Site "Ceske Budejovice"]
[Date "2024.07.07"]
[Round "9"]
[White "Dobsa, Emma"]
[Black "Hemr, Adam"]
[Result "1-0"]
[WhiteElo "1862"]
[BlackElo "1940"]
[PlyCount "57"]
[EventDate "2024.06.29"]
[EventType "swiss"]
[EventRounds "9"]
[EventCountry "CZE"]
[SourceTitle "CBM 221 Extra"]
[Source "ChessBase"]
[SourceDate "2024.09.30"]
[SourceVersion "1"]
[SourceVersionDate "2024.09.30"]
[SourceQuality "1"]

1. e4 e5 2. Nf3 Nc6 3. Bc4 Bc5 4. c3 Nf6 5. d3 a6 6. 0-0 Ba7 7. a4 d6 8. Nbd2 0-0 9. h3 Qe7 10. Re1 Be6 11. Ba2 b5 12. Nf1 b4 13. d4 exd4 14. cxd4 Bxa2 15. Rxa2 Nd7 16. Ng3 b3 17. Ra3 Rab8 18. Nf5 Qd8 19. Rxb3 Nb6 20. Ng5 h6 21. Rg3 Qf6 22. Nf3 Kh8 23. Rxg7 Ne7 24. N3h4 Ng6 25. Bxh6 Nxh4 26. Bg5 Qxf5 27. exf5 Kxg7 28. f6+ Kg6 29. Bxh4 1-0

[Event "Ceske Budejovice op"]
[Site "Ceske Budejovice"]
[Date "2024.07.05"]
[Round "7"]
[White "Svanda, Radek"]
[Black "Hemr, Adam"]
[Result "1/2-1/2"]
[WhiteElo "1855"]
[BlackElo "1940"]
[PlyCount "109"]
[EventDate "2024.06.29"]
[EventType "swiss"]
[EventRounds "9"]
[EventCountry "CZE"]
[SourceTitle "CBM 221 Extra"]
[Source "ChessBase"]
[SourceDate "2024.09.30"]
[SourceVersion "1"]
[SourceVersionDate "2024.09.30"]
[SourceQuality "1"]

1. c4 e5 2. Nc3 Nf6 3. g3 g6 4. Bg2 Bg7 5. e4 c6 6. Nge2 d6 7. 0-0 Bg4 8. d3 Qc8 9. Be3 Bh3 10. f3 h5 11. Bxh3 Qxh3 12. Rf2 c5 13. Nd5 Qd7 14. Nec3 Nc6 15. Nxf6+ Bxf6 16. Nd5 Bg7 17. Qd2 Ne7 18. Kg2 Nxd5 19. cxd5 b5 20. b4 cxb4 21. Qxb4 a5 22. Qb2 0-0 23. Rc2 f5 24. Rac1 f4 25. Rc7 Qd8 26. gxf4 Bh6 27. Qf2 Bxf4 28. Bxf4 Rxf4 29. Qg3 Qf6 30. Qh3 Rf8 31. Qe6+ Qxe6 32. dxe6 R4f6 33. e7 Re8 34. Rb7 b4 35. Ra7 Re6 36. Rxa5 R6xe7 37. Rc6 Rd7 38. Raa6 Red8 39. Rcb6 Kf7 40. Rxb4 Rc8 41. Rb3 Rc2+ 42. Kg3 Ke6 43. a4 g5 44. Ra8 Rf7 45. Re8+ Kd7 46. Reb8 h4+ 47. Kg4 Rf4+ 48. Kxg5 Rg2+ 49. Kh5 Rxh2 50. d4 exd4 51. R3b7+ Kc6 52. Rb6+ Kc7 53. R6b7+ Kc6 54. Rb6+ Kc7 55. R6b7+ 1/2-1/2

[Event "Ceske Budejovice op"]
[Site "Ceske Budejovice"]
[Date "2024.06.30"]
[Round "2"]
[White "Hemr, Adam"]
[Black "Dejmek, Tomas"]
[Result "1-0"]
[WhiteElo "1940"]
[BlackElo "1750"]
[PlyCount "119"]
[EventDate "2024.06.29"]
[EventType "swiss"]
[EventRounds "9"]
[EventCountry "CZE"]
[SourceTitle "CBM 221 Extra"]
[Source "ChessBase"]
[SourceDate "2024.09.30"]
[SourceVersion "1"]
[SourceVersionDate "2024.09.30"]
[SourceQuality "1"]

1. d4 d5 2. Nf3 Nf6 3. Bf4 Bf5 4. e3 e6 5. Bd3 Bg6 6. Ne5 Bd6 7. Nxg6 hxg6 8. Qf3 c6 9. Nd2 Qc7 10. Bxd6 Qxd6 11. h3 Nbd7 12. 0-0 g5 13. Qg3 Qxg3 14. fxg3 g4 15. hxg4 Nxg4 16. e4 Ke7 17. Rf4 Ngf6 18. e5 Nh5 19. Rf3 f5 20. Be2 g5 21. Rb3 Nb6 22. Kf2 g4 23. a4 Rab8 24. a5 Nd7 25. Re3 Ra8 26. b4 b5 27. axb6 axb6 28. Rea3 Rxa3 29. Rxa3 b5 30. Ra7 Rc8 31. Nb3 Kd8 32. Na5 Rc7 33. Ra8+ Rc8 34. Nxc6+ Kc7 35. Rxc8+ Kxc8 36. Na7+ Kb7 37. Nxb5 Ng7 38. Bd3 Nb6 39. Nc3 Ne8 40. Ne2 Nc7 41. Ke3 Kc6 42. c3 Kd7 43. Kf4 Na4 44. Bc2 Nb2 45. Bb3 Nb5 46. Ke3 Kc6 47. Kd2 Kc7 48. Kc2 Nc4 49. Bxc4 Na3+ 50. Kb3 Nxc4 51. b5 Na5+ 52. Kb4 Nb7 53. Nf4 Nd8 54. c4 dxc4 55. Kxc4 Kd7 56. Kc5 Ke7 57. Kb6 Kd7 58. Ka7 Kc7 59. b6+ Kc6 60. Nxe6 1-0

[Event "Ceske Budejovice op"]
[Site "Ceske Budejovice"]
[Date "2024.06.29"]
[Round "1"]
[White "Plischki, Sebastian"]
[Black "Hemr, Adam"]
[Result "1-0"]
[WhiteElo "2332"]
[BlackElo "1940"]
[PlyCount "69"]
[EventDate "2024.06.29"]
[EventType "swiss"]
[EventRounds "9"]
[EventCountry "CZE"]
[SourceTitle "CBM 221 Extra"]
[Source "ChessBase"]
[SourceDate "2024.09.30"]
[SourceVersion "1"]
[SourceVersionDate "2024.09.30"]
[SourceQuality "1"]

1. d4 d5 2. c4 c6 3. Nf3 Nf6 4. Nc3 e6 5. e3 Nbd7 6. Qc2 Bb4 7. Bd3 dxc4 8. Bxc4 Qc7 9. 0-0 0-0 10. a3 Bxc3 11. bxc3 c5 12. Qe2 b6 13. Bd3 Bb7 14. e4 e5 15. dxe5 Nxe5 16. Nxe5 Qxe5 17. f4 Qh5 18. Qxh5 Nxh5 19. e5 g6 20. Be3 Rfd8 21. Rad1 Ng7 22. g4 Rac8 23. Kf2 Rc7 24. Bb5 Rcc8 25. Ke2 a6 26. Bd3 Rd7 27. Bc2 Rcd8 28. Rxd7 Rxd7 29. f5 Bd5 30. Bd3 Bg2 31. Rf4 g5 32. Ra4 a5 33. Bxg5 Bf3+ 34. Ke3 h5 35. Bb5 1-0